Temas de telecomunicación / (Record no. 46807)

MARC details
000 -LEADER
campo de control de longitud fija 00800nam a2200241 i 4500
001 - NÚMERO DE CONTROL
campo de control 46807
003 - IDENTIFICADOR DE NÚMERO DE CONTROL
campo de control ES-MaACL
005 - FECHA Y HORA DE LA ÚLTIMA TRANSACCIÓN
campo de control 20230906161441.0
007 - CAMPO FIJO DE DESCRIPCIÓN FÍSICA--INFORMACIÓN GENERAL
campo de control de longitud fija t|
008 - DATOS DE LONGITUD FIJA--INFORMACIÓN GENERAL
campo de control de longitud fija 030401m19751976sp ||||1| spa d
100 1# - ENTRADA PRINCIPAL--NOMBRE DE PERSONA
Nombre de persona Connor, F. R.
9 (RLIN) 40209
245 10 - MENCIÓN DEL TÍTULO
Título Temas de telecomunicación /
Mención de responsabilidad, etc. F. R. Connor.
250 ## - MENCION DE EDICION
Mención de edición 1ª ed.
260 ## - PUBLICACIÓN, DISTRIBUCIÓN, ETC.
Lugar de publicación, distribución, etc. Barcelona :
Nombre del editor, distribuidor, etc. Labor,
Fecha de publicación, distribución, etc. 1975-76.
300 ## - DESCRIPCIÓN FÍSICA
Extensión 6 v. ;
Dimensiones 20 cm.
490 1# - MENCIÓN DE SERIE
Mención de serie Nuevos manuales técnicos Labor ;
Designación de volumen o secuencia 39-44
500 ## - NOTA GENERAL
Nota general Indice.
504 ## - NOTA DE BIBLIOGRAFÍA, ETC.
Nota de bibliografía, etc. Bibliografía.
505 8# - NOTA DE CONTENIDO CON FORMATO
Nota de contenido con formato Contiene: V. I: Señales. -- V. II: Circuitos. -- V. III: Transmisión de ondas. -- V. IV: Antenas. -- V. V: Modulación. -- V. VI: Ruido
830 0# - PUNTO DE ACCESO ADICIONAL DE SERIE-TÍTULO UNIFORME
Título uniforme Nuevos manuales técnicos Labor ;
Designación de volumen o secuencia 39-44
9 (RLIN) 181525
852 ## - LOCALIZACIÓN
Ubicación ES-MaACL
Número de control de estantería L-10446-51
Sublocalización o colección R.112317
Holdings
Estatus retirado Estado de pérdida Estado de daño No para préstamo Biblioteca de origen Biblioteca actual Ubicación en estantería Fecha de adquisición Fuente de adquisición Total de préstamos Signatura topográfica completa Código de barras Visto por última vez Precio de reemplazo Tipo de ítem Koha
        Biblioteca del Ateneo de Madrid Biblioteca del Ateneo de Madrid Depósito 2 17/01/2008     L-10446-51 1049230 23/02/2023 23/02/2023 Libro impreso